000 00420nam a2200157Ia 4500
008 230312s9999||||xx |||||||||||||| ||und||
020 _a81-8431-160-5
082 _a621.38173
_bBAK-L
100 _aGodse,A.P
245 0 _aLinear and Digital IC Applications
260 _bTechnical Publications Pune
_aIndia
_c2008
300 _aP-33
546 _aEng.
650 _aEngineering
_vIC Technology,Ideal OP-AMP
942 _cBK
999 _c1626
_d1626